| 000 | 00358nam a22001577a 4500 | ||
|---|---|---|---|
| 003 | MACL | ||
| 005 | 20151121130420.0 | ||
| 008 | 151121b xxu||||| |||| 00| 0 eng d | ||
| 040 | _cMACL | ||
| 041 | _aEnglish | ||
| 082 | _a900/SIN | ||
| 100 |
_aSingh,Malvika _917707 |
||
| 245 | _aDelhi india in one city | ||
| 650 |
_aHistory _917708 |
||
| 942 |
_2ddc _cBK |
||
| 999 |
_c50800 _d50800 |
||